Guía psicológica para el estudio y aprendizaje
Guardat en:
| Autor principal: | |
|---|---|
| Format: | Llibre |
| Idioma: | espanyol |
| Publicat: |
Buenos Aires
Hormé
1966
|
| Col·lecció: | Psicología de Hoy, 47
|
| Matèries: | |
| Etiquetes: |
Afegir etiqueta
Sense etiquetes, Sigues el primer a etiquetar aquest registre!
|
MARC
| LEADER | 00000nam a2200000 a 4500 | ||
|---|---|---|---|
| 001 | UCT6199 | ||
| 003 | CL-VaPUC | ||
| 008 | 970106e19660000AG |||||||||||||||||spa|d | ||
| 082 | 0 | 4 | |a 370.152 |b MAC |2 21 |
| 100 | |a Mace, C. A. |e autor |9 376096 | ||
| 245 | 1 | 0 | |a Guía psicológica para el estudio y aprendizaje |
| 300 | |a 122 p | ||
| 942 | |c BK | ||
| 945 | |d 19970106 00:00:00 |a paguirre | ||
| 260 | |a Buenos Aires |b Hormé |c 1966 | ||
| 650 | 0 | |a Psicología |9 257863 | |
| 650 | 0 | |a Aprendizaje |9 254827 | |
| 650 | 0 | |a Memorización |9 336225 | |
| 650 | 7 | |a DESARROLLO DE CAPACIDADES |2 CL-VaPUC |9 376097 | |
| 650 | 0 | |a Desarrollo mental |9 313003 | |
| 650 | 7 | |a CONOCIMIENTO |2 CL-VaPUC |9 308991 | |
| 583 | |a last modification |c 19970106 00:00:00 |k Rodrigo Vera | ||
| 490 | 0 | |a Psicología de Hoy, 47 | |
| 999 | |c 254915 |d 254913 | ||
| 952 | |0 0 |1 0 |4 0 |6 370_152000000000000_MAC_1966 |7 0 |8 P |9 276890 |a BIBDER |b BIBDER |d 2019-11-19 |i 180037K |o 370.152 MAC 1966 |p 180037K |r 2023-01-25 |w 2019-11-19 |y BK |k DER | ||